| 000 | 00839nam a22002177a 4500 | ||
|---|---|---|---|
| 005 | 20241108141657.0 | ||
| 010 | _aENG-142599 | ||
| 020 |
_a9788194522935 _c275.00 |
||
| 035 | _aEN-126131 | ||
| 037 | _bDBAD | ||
| 082 |
_a954.15 _21 |
||
| 245 |
_aBibliography and Abstracts of Papers in Flora of Himachal Pradesh/ _cCompiled by Sourmen Gantait; Kanad Das [and] Subir Bandyopadhyay |
||
| 250 | _a1 | ||
| 260 |
_aHowrah, Kolkata _bBotanical Survey of India |
||
| 270 |
_aMinistry of Environment ,Forest & Climate Change, Govt. of India,3rd MSO Building, CGO Complex _bHowrah,Kolkata _e711103 |
||
| 300 |
_a297p. _c24cm.(pb) _bill. |
||
| 700 |
_aBandyopadhyay, Subir _eCompiled _973812 |
||
| 700 |
_aGantait; , Sourmen _eCompiled _973814 |
||
| 700 |
_aDas , Kanad _eCompiled _973815 |
||
| 942 |
_2ddc _cEN _mBIB _h954.15 |
||
| 999 |
_c206934 _d206934 |
||